| 000 | 01678cam a22003977a 4500 | ||
|---|---|---|---|
| 003 | CHAP | ||
| 005 | 20230527062635.0 | ||
| 008 | 971010s1978 mx a r 00010 spa d | ||
| 010 | _a62896 | ||
| 011 | _a63868 | ||
| 035 | _a68414 | ||
| 040 | _cCHAP | ||
| 082 |
_a634.982 _bB4 |
||
| 100 | 1 | 0 |
_aBerlijn, Johan D. _911826 |
| 245 | 1 | 0 |
_aDesmonte y movimiento de tierras _c/por Johan D. Berlijn |
| 260 |
_aMéxico, D. F. : _bTrillas, _c1982. |
||
| 300 |
_a116 p. _b: ilus. |
||
| 490 | 0 |
_aManuales para educación agropecuaria. _pMecánica agrícola |
|
| 590 |
_aBATCH-UPD _b10 _c20130110 _lUCH01 _h1950 |
||
| 590 |
_aCONVERSION _b10 _c20130109 _lUCH01 _h1334 |
||
| 650 | 1 | 4 |
_aMaquinaria forestal. _971212 |
| 650 | 1 | 4 |
_aTala de montes. _9111392 |
| 830 | 0 |
_aManuales para educación agropecuaria. _pMecánica agrícola _970691 |
|
| 901 | _aBK | ||
| 942 | _cLIBRO | ||
| 949 |
_a631.3 M4 V.49 _bMA _cLIBRO _d-44436 _eLIBRO _fc.2 _h1299 _i68414 _si |
||
| 949 |
_a631.3 M4 V.49 _bMA _cLIBRO _d-533 _eLIBRO _h1298 _i68414 _si |
||
| 949 |
_a634.982 B4 _bBC _cLIBRO _d33724000243432 _eLIBRO _fc.6 _h61673 _i68414 _si |
||
| 949 |
_a634.982 B4 _bBC _cLIBRO _d33724000243614 _eLIBRO _fc.4 _h58232 _i68414 _si |
||
| 949 |
_a634.982 B4 _bBC _cLIBRO _d33724000243630 _eLIBRO _fc.5 _h60033 _i68414 _si |
||
| 949 |
_a634.982 B4 _bBC _cLIBRO _d33724000243648 _eLIBRO _fc.8 _h61698 _i68414 _si |
||
| 949 |
_a634.982 B4 _bBC _cLIBRO _d33724000243788 _eLIBRO _fc.2 _h58230 _i68414 _si |
||
| 949 |
_a634.982 B4 _bBC _cLIBRO _d33724000243911 _eLIBRO _fc.3 _h58231 _i68414 _si |
||
| 949 |
_a634.982 B4 _bBC _cLIBRO _d33724000767562 _eLIBRO _fc.7 _h61674 _i68414 _si |
||
| 949 |
_a634.982 B4 _bBC _cLIBRO _d33724000872768 _eLIBRO _fc.10 _gDonaciØn _h58088 _i68414 _sb |
||
| 999 |
_c62896 _d62896 |
||